000 00432nam a22001697a 4500
999 _c2352
_d2351
005 20210828164736.0
008 160601b xxu||||| |||| 00| 0 eng d
020 _a81-85989-55-9
041 _aeng
082 _b6756
_a658
100 _aMoshal, B.S. & others
_91670
245 _aBusiness Organisation and Management
260 _aNew Delhi
_bGalgotia Publ. Pvt. Ltd.
300 _a474
650 _aManagement
_9241
942 _cBK